00260nam a2200109Ia 4500008004100000100001700041245003300058260002100091260000900112546001200121999001700133170619s9999 xx 000 0 und d aSrinath- L S 0aAdvanced mechanics of solids bNew delhi; T M H c2003 aENGLISH c18000d18000